Calciatori del Real Madrid nel FIFA FIFPro World XI - Statistics

Statistiche generali
  • Questo quiz è stato fatto 24 volte
  • Il punteggio medio è 14 su 16
Statistiche sulle risposte
Numero apparizioni Edizioni apparizioni Nazione Calciatore % Corretto
14 2009; 2010; 2011; 2012; 2013; 2014; 2015; 2016; 2017; 2018 Portogallo Cristiano Ronaldo
100%
6 2015; 2016; 2017; 2018; 2019; 2022 Croazia Luka Modrić
100%
6 2012; 2015; 2016; 2017; 2018, 2019 Brasile Marcelo
100%
11 2008; 2011; 2012; 2013; 2014; 2015; 2016; 2017; 2018; 2019; 2020 Spagna Sergio Ramos
100%
3 2014; 2016; 2017 Germania Toni Kroos
100%
1 2021 Austria David Alaba
95%
2 2006; 2007 Italia Fabio Cannavaro
95%
5 2008; 2009; 2010; 2011; 2012 Spagna Iker Casillas
91%
1 2022 Francia Karim Benzema
91%
1 2022 Belgio Thibaut Courtois
86%
2 2005; 2006 Francia Zinedine Zidane
86%
1 2019 Belgio Eden Hazard
82%
1 2014 Argentina Ángel Di María
77%
1 2022 Brasile Casemiro
77%
1 2018 Francia Raphaël Varane
68%
2 2011; 2012 Spagna Xabi Alonso
64%
Nessun quiz corrispondente trovato
Distribuzione punteggi
Percentuale di utenti per punteggio
Percentile per numero di risposta
I tuoi punteggi nel tempo
Non hai fatto questo quiz